书目信息 |
| 题名: |
外国名作家传
|
|
| 作者: | 张英伦 , 钱善行 , 胡湛珍 , 吕同六 主编 | |
| 分册: | 下册 | |
| 出版信息: | 北京 中国社会科学出版社 1980.12 |
|
| 页数: | 656页 | |
| 开本: | 20cm | |
| 丛书名: | ||
| 单 册: | ||
| 中图分类: | K811.6 | |
| 科图分类: | ||
| 主题词: | 人物--传记--世界 | |
| 电子资源: | ||
| ISBN: | ||
| 000 | 00707nam0 2200253 45 | |
| 001 | 0211251409 | |
| 005 | 20060801093809.89 | |
| 010 | @dCNY1.60 | |
| 091 | @a11190.059 | |
| 100 | @a20021125d1980 km y0chiy0120 ea | |
| 101 | 0 | @achi |
| 105 | @a z 000yc | |
| 200 | 1 | @a外国名作家传@h下册@AWai Guo Ming Zuo Jia Chuan@f张英伦等主编@FZhang Ying Lun Deng Zhu Bian |
| 210 | @a北京@c中国社会科学出版社@d1980.12 | |
| 215 | @a656页@d20cm | |
| 300 | @a附录:全书作家条目索引 | |
| 606 | 0 | @a人物@x传记@x世界 |
| 690 | @aK811.6@v3 | |
| 701 | 0 | @a张英伦@4主编 |
| 701 | 0 | @a钱善行@4'主编 |
| 701 | 0 | @a胡湛珍@4主编' |
| 701 | 0 | @a吕同六@4主编 |
| 801 | @aCN@bTSTC@c20060801 | |
| 905 | @b230084@dK811.6@e10:3@f1 | |
| 外国名作家传.下册/张英伦等主编.-北京:中国社会科学出版社,1980.12 |
| 656页;20cm |
| 附录:全书作家条目索引 |
| ISBN :CNY1.60 |
| ● |
| 相关链接 |
|
|
|
|
正题名:外国名作家传
索取号:K811.6/10:3
 
预约/预借
| 序号 | 登录号 | 条形码 | 馆藏地/架位号 | 状态 | 备注 |
| 1 | 0230079 | 001774896 | 密集书库/ [索取号:K811.6/10:3] | 在馆 | |
| 2 | 0230080 | 001774930 | 密集书库/ [索取号:K811.6/10:3] | 在馆 | |
| 3 | 0230081 | 001774976 | 密集书库/ [索取号:K811.6/10:3] | 在馆 | |
| 4 | 0230082 | 001775010 | 密集书库/ [索取号:K811.6/10:3] | 在馆 | |
| 5 | 0230083 | 001775056 | 密集书库/ [索取号:K811.6/10:3] | 在馆 | |
| 6 | 0230084 | 001629072 | 密集书库/ [索取号:K811.6/10:3] | 在馆 | |
| 7 | 0230085 | 001774850 | 密集书库/ [索取号:K811.6/10:3] | 在馆 | |
| 8 | 0444059 | 204440596 | 密集书库/ [索取号:K811.6/10:3] | 在馆 | |
| 9 | 0466167 | 204661678 | 密集书库/ [索取号:K811.6/10:3] | 在馆 | |
| 10 | 0466690 | 204666904 | 密集书库/ [索取号:K811.6/10:3] | 在馆 |